| 000 | 00663nam a2200217Ia 4500 | ||
|---|---|---|---|
| 003 | GCL | ||
| 008 | 140319s9999 xx 000 0 ara d | ||
| 040 |
_aGCL / _cGCL |
||
| 082 | 0 | 4 |
_a928.1 _bا ل |
| 100 | 1 | _aاحمد حسين الطماوى | |
| 245 | 1 | 0 |
_aليلة باسمة فى حياة مى / _cاحمد حسين الطماوى |
| 250 | _aالاولى | ||
| 260 |
_aالقاهرة : _bدار الفرجانى |
||
| 300 |
_a284 ص ؛ _c20 سم |
||
| 490 |
_aالمجهول من تراث الاعلام _v0 |
||
| 650 | 0 | 4 | _aالادب العربى |
| 650 | 0 | 4 | _aالادب |
| 650 | 0 | 4 | _aالادباء |
| 650 | 0 | 4 | _aمى زيادة |
| 942 |
_2ddc _cBK |
||
| 999 |
_c40937 _d40937 |
||